| 000 | 00553nam a22002057a 4500 | ||
|---|---|---|---|
| 999 |
_c6661 _d6661 |
||
| 003 | OSt | ||
| 005 | 20200224110142.0 | ||
| 008 | 200224b ||||| |||| 00| 0 eng d | ||
| 020 | _a027368356x | ||
| 040 | _cDDC | ||
| 082 | _a338.6041WAT 2004 | ||
| 100 |
_aWatson,Denzil;Head,Antony; _913704 |
||
| 245 |
_aCorporate Finance ; _bPrinciples and Practice. |
||
| 250 | _a3rd ed | ||
| 260 |
_aEngland. _bFT Prentice hall; _c2004 |
||
| 300 |
_a xvi,492p; _bcol,ill; _c25cm. |
||
| 504 | _aincludes index,. | ||
| 650 |
_aFinance. _95401 |
||
| 942 |
_2ddc _cO_SHELF |
||